000 00971cam a2200205 i 4500
005 20251108165345.0
008 250721s1982 ua gr 000 0 ara d
082 1 4 _aم/212/طبر
100 1 _a الطبري. ابي جعفر محمد بن جرير
_dمؤلف.
245 1 0 _aمختصر تفسير الطبري المسمى جامع البيان عن تأويل آي القرآن /
_cلامام المفسرين ابي جعفر محمد بن جرير الطبري؛ اختصار و تحقيق الشيخ محمد بن علي الصابوني، الدكتور صالح احمد رضا.
264 1 _aالقاهره :
_bدار يوسف،
_c1982.
300 _a2مجلد.
490 0 _aمن ذخائر التراث الإسلامي.
650 1 7 _aالقرآن الكريم.
650 1 7 _aالتفسير.
700 1 _aرضا، صالح أحمد
_eمحقق.
700 1 _aالصابوني، محمد علي
_dمحقق.
942 _2ddc
_cREF
999 _c25938
_d25938